000 00873nas a2200241 4500
001 BR2018001554
003 BR-BrBNA
005 20231205131353.0
007 ta
008 230509b bl.|||p| |||| 00| 00por d
040 _aBR-BrBNA
_bpor
_cBiblioteca Nacional de Agricultura
041 _a(Pt)
072 _aL70; L74
100 1 _aAzevedo, R.A. de
100 1 _aStopiglia, A.J.
245 1 _aPrincipais materiais biológicos e sintéticos utilizados em cirurgias para reconstrução de parede abdominal na Medicina Veterinária: revisão de literatura
650 _aDISTÚRBIO FISIOLÓGICO
650 _aVETERINÁRIA
650 _aMÚSCULO
773 0 _tRevista de Educação Continuada em Medicina Veterinária e Zootecnia (Brazil)
_xISSN 2179-6645
_g(2018), v. 16(2) p. 42-46
_wBR2018001554
909 _a202311
_bLúcia
_c55
_dLúcia Elande
942 _2AGRIS
_n0
_cANA
999 _c254437
_d254437